Adenauer and the CDU ; the rise of the leader and the integration of the party.

Bibliographic Details
Main Author: Heidenheimer, Arnold J.
Format: Book
Language:English
Published: The Hague : M. Nijhoff, 1960.
Subjects:

MARC

Tag First Indicator Second Indicator Subfields
LEADER 00000cam a2200000 4500
001 in00000068135
005 20151008051339.0
008 750902s1960 ne b 00000 eng
010 |a  61001291  
035 |a (OCoLC)01591411 
035 |9 AAG7333AM 
040 |a DLC  |c TOL  |d TOL  |d TXA  |d UtOrBLW 
049 |a TXAM  |c [337134] 
050 0 |a JN3971.A98  |b C44 
092 |a 329.943  |b H465a 
100 1 |a Heidenheimer, Arnold J. 
245 1 0 |a Adenauer and the CDU ;  |b the rise of the leader and the integration of the party. 
264 1 |a The Hague :  |b M. Nijhoff,  |c 1960. 
300 |a 259 pages ;  |c 25 cm. 
336 |a text  |b txt  |2 rdacontent 
337 |a unmediated  |b n  |2 rdamedia 
338 |a volume  |b nc  |2 rdacarrier 
504 |a Bibliography: pages [245]-251. 
600 1 0 |a Adenauer, Konrad,  |d 1876-1967. 
610 2 0 |a Christlich-Demokratische Union Deutschlands (Germany : West) 
651 0 |a Germany (West)  |x Politics and government. 
999 |a MARS 
999 f f |s 809d86d7-ef06-3721-828a-b1b48c479c84  |i 99e4071f-9ef3-3a95-9dce-472df64ed546  |t 0 
952 f f |p ric  |a Texas A&M University  |b Rellis Campus  |c Joint Library Facility  |d Remote Storage  |t 0  |e JN3971.A98 C44  |h Library of Congress classification  |i unmediated -- volume  |m A14800684576 
998 f f |a JN3971.A98 C44  |t 0  |l Remote Storage